000 00745cam a22002413a 4500
001 18383
003 PGUSA
005 20140828083406.0
008 060512s2006||||xxu|||||s|||||000 | eng d
040 _aPGUSA
_beng
042 _adc
050 4 _aN
100 1 _aSpooner, Shearjashub,
_d1809-1859
245 1 0 _aAnecdotes of Painters, Engravers, Sculptors and Architects and Curiosities of Art (Vol. 3 of 3)
_h[electronic resource] /
_cShearjashub Spooner
260 _bProject Gutenberg,
_c2006
506 _aPublic domain in the USA.
516 _aElectronic text
653 _aArt -- Anecdotes
653 _aArtists -- Anecdotes
830 0 _aProject Gutenberg
_v18383
856 4 0 _uhttp://www.gutenberg.org/ebooks/18383
942 _cEB
999 _c247638
_d247638